000 00521nam a2200169Ia 4500
999 _c35065
_d35065
003 OSt
005 20200201144353.0
008 190216s9999||||xx |||||||||||||| ||und||
040 _coclc
082 _a320
_bVAZ/S
100 _a Vazhakkad, Sadarudheen
_91783
245 0 _aSankhparivar Vargeeya Fascisavum Videsha Fundingum /
_c Sadarudheen Vazhakkad
260 _bPratheeksha Publications,
_c2010.
_aCalicut:
300 _a126p
650 _aPolitics
942 _cBK
_2ddc
_h320
_iVAZ/S
_k320
_mVAZ/S